Statistiques concernant Groupes Ligue des Champions 2009-2010

Cliquez ici pour prendre le quiz!

Statistiques générales

  • Ce quiz a été pris 106 fois
  • Le résultat moyen est 20 sur 32

Statistiques - réponses

GroupePlace dans le groupeNoms des équipes% Correct
Groupe F1erFC Barcelone
99%
Groupe A2èmeBayern Munich
98%
Groupe C1erReal Madrid
98%
Groupe A3èmeJuventus
97%
Groupe E2èmeLyon
97%
Groupe D1erChelsea
94%
Groupe F2èmeInter Milan
94%
Groupe B1erManchester United
93%
Groupe H1erArsenal
90%
Groupe C3èmeMarseille
90%
Groupe E3èmeLiverpool
89%
Groupe A1erBordeaux
84%
Groupe C2èmeMilan AC
82%
Groupe D2èmeFC Porto
81%
Groupe D3èmeAtlético Madrid
70%
Groupe G1erFC Séville
67%
Groupe H2èmeOlympiakos
62%
Groupe B3èmeVfL Wolfsbourg
57%
Groupe F4èmeDynamo Kiev
56%
Groupe B2èmeCSKA Moscou
55%
Groupe G4èmeGlasgow Rangers
49%
Groupe E1erFiorentina
43%
Groupe B4èmeBesiktas
39%
Groupe C4èmeFC Zurich
39%
Groupe G2èmeVfB Stuttgart
36%
Groupe D4èmeAPOEL Nicosie
33%
Groupe H4èmeAZ Alkmaar
26%
Groupe H3èmeStandard de Liège
26%
Groupe F3èmeRubin Kazan
19%
Groupe A4èmeMaccabi Haïfa
18%
Groupe E4èmeDebrecen
10%
Groupe G3èmeUniera Urziceni
6%

Distribution des résultats

Percentile par nombre de réponses

% des personnes avec chaque résultat

Votre développement - résultats

Vous n’avez pas pris ce quiz